000 01315nam a2200241Ia 4500
003 Ost
005 20260507075253.0
008 260507s9999||||xx |||||||||||||| ||und||
020 _a40155799539
040 _cfsecg
041 _aara
082 _a330
100 _aالحجار، بسام
_eمؤلف
245 0 _aعلم الاقتصاد و التحليل الاقتصادي /
_c بسام الحجار
260 _aبيروت:
_bدار المنهل اللبناني,
_c2010
300 _a284 صفحة؛
_bإيضاحات ؛
_c24 سم
504 _aمراجع ص.277 ؛ مصطلحات ص.269
520 _aأهداف و خصائص العلاقات الاقتصادية عند الكلاسيك ، النظرية الكنزية ، الاسعار و التوازن الاقتصادي ، المنفعة و اقتصاد المؤسسة ، مفاهيم و طرق قياس الدخل ( الناتج ) المحلي ، الاستثمار ، السياسة النقدية و السياسة المالية ، التضخم ، الاسواق المالية ، البطالة ، النمو و التقلبات الاقتصادية و ميزان المدفوعات الدولية .
653 _aالاقتصاد
653 _aالتحليل الاقتصادي
653 _aعلم الإقتصاد
942 _cكتاب
999 _c43715
_d43715